000
00452nam a2200169Ia 4500
008
090711s9999 xx 000 0 und d
082
_b
46567
100
_a
वाळिंबे वि. स.
245
_a
सावरकर
260
_c
1983
300
_a
371
600
_a
वाळिंबे वि. स.
630
_a
सावरकर
700
_a
वाळिंबे वि. स.
730
_a
सावरकर
942
_c
BOOK
999
_c
332336
_d
332336